History Quiz

Random History or Century Quiz
Score 0/30 Timer 06:00
7 Plays Today
% Correct
Cold War
95.3%
Russian Revolution
81%
US Civil War
77.6%
American Revolution
74.7%
Spanish Civil War
65.4%
Columbus's first voyage to America
62.1%
Russo-Japanese War
60.6%
First Boer War
59.7%
Colombia gains Independence
56.6%
Salem Witch Trials
53.2%
English Civil War
49.8%
Joan of Arc trial
47.6%
Mau Mau Uprising
47.4%
Magellan's crew circumnavigates the globe
45.5%
Ninety-Five Theses posted
44.6%
% Correct
Reign of Terror
43.2%
Michelangelo paints the Sistine Chapel
43%
Peter the Great founds Saint Petersburg
40.3%
Thirty Years' War
35.3%
Wars of the Roses
34.7%
Fall of Constantinople
34.4%
Spanish Inquisition begins
34.2%
Pontiac's War
32.9%
Taiping Rebellion
32.1%
War of the Spanish Succession
30.5%
Meiji Restoration
29.7%
Taj Mahal completed
29.7%
Inca Civil War
27.7%
Reign of Suleiman the Magnificent
22.9%
Qing Dynasty begins
19.6%
Remove Ads.
Support Sporcle.
Get the best of Sporcle when you Go Orange. This ad-free experience offers more features, more stats, and more fun while also helping to support Sporcle. Thank you for becoming a member.

You're not logged in!

Compare scores with friends on all Sporcle quizzes.
OR
Log In

Show Comments

Extras

Top Quizzes Today


Score Distribution

Your Account Isn't Verified!

In order to create a playlist on Sporcle, you need to verify the email address you used during registration. Go to your Sporcle Settings to finish the process.

Report this User

Report this user for behavior that violates our Community Guidelines.

Details: